000 00838cam a22002651 4500
001 agr44000039
003 DLC
005 20260227111002.0
008 840625s1944 dcua f000 0 eng c
010 _aagr44000039
035 _a(OCoLC)10881778
040 _aU.S. Dept. of Agr. Library
_cMdU-H
_dMdU-H
_dDLC
042 _apremarc
043 _an-us---
050 0 0 _aHD9006
_b.A5 1944f
082 _a338.1
110 1 _aUnited States.
_bWar Food Administration.
245 1 0 _aFood program for 1944 ...
260 _aWashington,
_bU.S. Govt. Print. Off.,
_c[1944]
300 _a96 p.
_billus.
_c23 cm.
650 0 _aFood supply
_zUnited States.
650 0 _aAgriculture and state
_zUnited States.
650 0 _aWorld War, 1939-1945
_xEconomic aspects
_zUnited States.
650 0 _aWorld War, 1939-1945
_xFood supply
_zUnited States.
999 _c10277
_d10277